|
|
|
|
| LEADER |
00000nab a2200000 ar4500 |
| 001 |
vtls008887766 |
| 003 |
SK-MaSNL |
| 005 |
20260303061740.0 |
| 008 |
061204c2002 xo |r|p|||||||000 b|slo |
| 015 |
|
|
|a SNBRA2006/11
|2 snkbucl
|
| 038 |
|
|
|a SNKBUCL
|
| 040 |
|
|
|a SNKBUCL
|b slo
|c SNKBUCL
|e AACR2
|
| 041 |
1 |
|
|a slo
|b ger
|
| 044 |
|
|
|a xo
|c SK
|
| 080 |
|
|
|a 930.253
|x (437.6)
|x "15/19"
|2 2001
|
| 080 |
|
|
|a 94(437.6)
|x "15/19"
|2 2001
|
| 080 |
|
|
|a 930.22
|x (437.6)
|x "15/19"
|2 2001
|
| 100 |
1 |
|
|a Malovcová, Božena,
|d 1957-
|4 aut
|9 104604
|
| 245 |
1 |
0 |
|a Vznik a charakter najstaršej zachovanej spišskosobotskej mestskej knihy z rokov 1579-1930
|c Božena Malovcová
|
| 300 |
|
|
|b Fotogr., obr.
|
| 504 |
|
|
|a Bibliogr. odkazy
|
| 546 |
|
|
|a Res. nem.
|
| 648 |
|
7 |
|a 1579-1930
|2 snkbucl
|9 1056452
|
| 650 |
0 |
7 |
|a mestské knihy
|2 snkbucl
|9 58527
|
| 651 |
|
7 |
|a Spišská Sobota (Poprad, Slovensko)
|2 snkbucl
|9 54498
|
| 773 |
0 |
|
|t Z minulosti Spiša IX-X/2001/2002
|d Levoča : Spišský dejepisný spolok, 2002
|g S. 119-129
|z 8096696475
|
| 852 |
|
|
|a SNK
|b KIS3GCP
|
| 958 |
|
|
|a NB
|
| 958 |
|
|
|a SK
|
| 999 |
|
|
|c 1736639
|d 1738569
|